000 03528nam a2200265 4500
003 DO-SdBJH
005 20260226210417.0
008 260226b2025 |||d|||| |||| 00| 0 spa d
040 _aDO-SdBJH
_bspa
_cDO-SdBJH
041 _aspa
090 _aCT MA-SDN 0008
_bEGAEE 2025
100 1 _aFabian Rivera, Anderson M.
_esustentante
245 1 0 _aAnálisis del sistema nacional de inteligencia de República Dominicana y su incidencia en la prevención de las amenazas a la seguridad nacional :
_bdurante el período 2022 - 2024 /
_cAnderson M. Fabian Rivera, Evismael Santana Díaz ; asesor de contenido Luís Herrera Almonte ; asesor metodológico Tebi Rodríguez.
260 _aSanto Domingo, República Dominicana :
_bUNADE,
_c2025.
300 _axxiii, 129 páginas :
_bgráficas.
502 _aTesis y trabajos de grado ( Maestría en Seguridad y Defensa Nacional)--Universidad Nacional para la Defensa "General Juan Pablo Duarte y Díez", Escuela de Graduados de Altos Estudios Estratégicos, Santo Domingo, 2025.
504 _aIncluye referencias bibliográficas y anexos.
505 _aEvolución del Sistema Nacional de Inteligencia, conceptualizaciones, estudios comparativos, organismos para prevenir amenazas a la seguridad nacional y marco legal -- Aplicación de la política de seguridad y defensa ante las amenazas híbridas en coordinación con el Sistema Nacional de Inteligencia -- Incidencia del Sistema Nacional de Inteligencia en la prevención de amenazas a la seguridad nacional de República Dominicana, durante el período 2022-2024.
520 _aLa presente investigación titulada "Análisis del Sistema Nacional de Inteligencia de República Dominicana y su incidencia en la prevención de las amenazas a la seguridad nacional, durante el período 2022-2024" posee una perspectiva académica y práctica para contribuir al cuerpo de literatura existente sobre inteligencia militar y seguridad nacional y además apoyar a los responsables de la formulación de políticas a tomar decisiones basadas en evidencias, para con ello fortalecer la capacidad de inteligencia del país y de las Fuerzas Armadas Dominicanas. El camino metodológico empleado más adecuado para abordar el tema en cuestión fue con un enfoque mixto, debido a que permitió no solo recopilar información cuantitativa sobre la efectividad de las operaciones de inteligencia sino también se obtuvieron informaciones cualitativas detalladas en informes de estadísticas institucionales respecto a la eficacia del sistema de inteligencia y su incidencia en la seguridad nacional, lo que logro mejorar la validez y confiabilidad de los resultados, para ello el diseño no experimental de corte transversal observó y midió en su contexto natural los resultados sin manipular las variables. Esta operabilidad en conjunto dio como resultado un sin número de datos cuantificables de acciones, decomisos, sometimientos de personas e incautaciones de bienes, debido a que la inteligencia realizada antes de la ejecución de las actividades permitiera identificar a los responsables y contrarrestar la amenaza, datos que hasta el momento no habían sido compilados en una misma investigación y eso es el hallazgo interesante de la misma.
650 7 _2lemb
_aSeguridad Nacional
_vInvestigaciones
_xSistema
_xAnálisis
_y2022-2024
_zRepública Dominicana
700 1 _aSantana Díaz, Evismael
_esustentante
700 1 _aHerrera Almonte, Luís
_easesor de contenido
700 1 _aRodríguez, Tebi
_easesor metodológico
942 _2CL
_cT
999 _c8581
_d8581